| 000 | 00610nam a22001815i 4500 | ||
|---|---|---|---|
| 001 | 170142 | ||
| 003 | ES-MaACL | ||
| 005 | 20230906214311.0 | ||
| 008 | 090205s1922 fr |||| | fre d | ||
| 080 | _a782.1 | ||
| 100 | 1 |
_aLaloy, Louis. _969745 |
|
| 245 | 1 | 0 |
_aPadmavati _b: opéra-ballet en deux actes / _cpoème de Louis Laloy ; musique de Albert Roussel. |
| 260 |
_aParis : _bA. Durand et Fils, _c1922. |
||
| 300 |
_a33 p. ; _c18 cm. |
||
| 650 | 1 | 4 |
_aÓperas- _vLibretos. _9137584 |
| 700 | 1 |
_aRoussel, Albert. _9139357 |
|
| 852 |
_aES-MaACL _j2246-F-4 _9R.140448 _z.- Biblioteca Jacinto Martínez Lacalle |
||
| 999 |
_c170142 _d170142 |
||